000 00268nam a2200121Ia 4500
008 190216s9999||||xx |||||||||||||| ||und||
100 _aSatya P Das
245 0 _aMicro Economics Introductory
260 _bNcert
300 _a170
650 _aEconomics
942 _cBK
999 _c10724
_d10724